000 00598nam a2200217Ia 4500
005 20250923144556.0
008 008 250917s9999 xx 000 0 eng d
037 _aTextual
040 _aDSWL
_beng
_cDSWL
041 _aeng
_2eng
084 _aY1z7, J1
_qDSWL
100 _aTalcott, P.
_9826244
245 0 _aToward a general theory of action
_cby P Talcott.
260 _a Harvard
_bHarvard University Press
_c1954
300 _a506p.
365 _aUSD
_b7.5
700 _aE.A. Shils
_9826245
925 _g7.5
942 _cTEXL
_hY1z7, J1
999 _c1440696
_d1440696